Efektívnosť poskytovania investičných stimulov v Slovenskej republike diplomová práca

Uložené v:
Podrobná bibliografia
Hlavný autor: Smolík, Peter
Korporativný autor: Národohospodárska fakulta EU. Katedra financií
Ďalší autori: Darmo, Ľubomír, 1984-
Médium: Kniha
Jazyk:Slovak
Vydavateľské údaje: Bratislava 2014
Tagy: Pridať tag
Žiadne tagy, Buďte prvý, kto otaguje tento záznam!

MARC

LEADER 00000nbm a2200000 4500
001 0187578
005 20170201090222.8
041 0 |a slo 
044 |a SK 
245 1 0 |a Efektívnosť poskytovania investičných stimulov v Slovenskej republike  |b diplomová práca  |c Peter Smolík ; školiteľ: Ľubomír Darmo 
264 1 |a Bratislava  |c 2014 
300 |a 60 s. 
100 1 |a Smolík, Peter 
700 1 |a Darmo, Ľubomír, 1984- 
710 2 |a Národohospodárska fakulta EU. Katedra financií